| 000 | 00723nam a2200229 4500 | ||
|---|---|---|---|
| 003 | OSt | ||
| 005 | 20240727023813.0 | ||
| 006 | a | ||
| 008 | 240727b |||||||| |||| 00| 0 eng d | ||
| 020 | _a9780470597125 | ||
| 040 |
_aDWCL-Main lib. _cOC |
||
| 082 | _aCirc. 004.68 H971b 2010 | ||
| 100 | _aHusman, Goran | ||
| 245 | _aBeginning sharepoint 2010 administration : microsoft sharepoint foundation 2010 and microsoft sharepoint server 2010 / | ||
| 260 |
_aIndiana : _bWiley Pub. Inc. , _cc2010. |
||
| 300 |
_axxii, _b650 p. ill. ; _c24 cm. |
||
| 504 | _aIncludes index. | ||
| 650 | _a1. Intanets ( computer networks). | ||
| 650 | _a2. Web Servers. | ||
| 650 | _a3. Web portals. | ||
| 942 |
_2ddc _n0 _cBK-CIRC _kCirc. |
||
| 999 |
_c2854 _d2854 |
||